[Event "HUN-chT2 Asztalos 1819"]
[Site "Hungary"]
[Date "2019.04.28"]
[Round "9.3"]
[White "Toth, Daniel3333"]
[Black "Wolosz, Janos"]
[Result "1/2-1/2"]
[WhiteElo "2117"]
[BlackElo "2108"]
[PlyCount "89"]
[EventDate "2018.10.28"]
[EventType "team-tourn"]
[EventRounds "9"]
[EventCountry "HUN"]
[SourceTitle "EXT 2021"]
[Source "ChessBase"]
[SourceDate "2020.10.23"]
[SourceVersion "1"]
[SourceVersionDate "2020.10.23"]
[SourceQuality "1"]
[WhiteTeam "Marcali"]
[BlackTeam "Szentlorinc"]
[WhiteTeamCountry "HUN"]
[BlackTeamCountry "HUN"]

1. c4 Nf6 2. Nc3 e6 3. e4 e5 4. Nf3 Nc6 5. d4 exd4 6. Nxd4 Bb4 7. Nxc6 dxc6 8. Qxd8+ Kxd8 9. Bd2 Ke7 10. Be2 Re8 11. e5 Nd7 12. f4 Kf8 13. 0-0 Kg8 14. Rae1 f6 15. Bh5 g6 16. Bg4 fxe5 17. Bxd7 Bxd7 18. fxe5 Bxc3 19. Bxc3 Be6 20. b3 Rf8 21. Bb4 Rxf1+ 22. Rxf1 Re8 23. Kf2 Bf5 24. Re1 Kf7 25. h3 h5 26. Kf3 Rd8 27. Re3 Rd1 28. g4 hxg4+ 29. hxg4 Be6 30. Re1 Rxe1 31. Bxe1 b5 32. c5 Bd5+ 33. Kf4 Ke6 34. Ba5 Bg2 35. Bxc7 Bd5 36. Ke3 Kd7 37. Ba5 Ke6 38. Kd4 Bf3 39. g5 Bd5 40. Bc7 Kf5 41. Bd8 Ke6 42. Bf6 Kd7 43. Kc3 Kc8 44. Kb4 Kb7 45. Bd8 1/2-1/2

[Event "HUN-chT2 Asztalos 1617"]
[Site "Hungary"]
[Date "2017.04.09"]
[Round "11.4"]
[White "Wolosz, Janos"]
[Black "Varga, Zsolt"]
[Result "1/2-1/2"]
[WhiteElo "2074"]
[BlackElo "1993"]
[PlyCount "51"]
[EventDate "2016.09.25"]
[EventType "team-tourn"]
[EventRounds "11"]
[EventCountry "HUN"]
[SourceTitle "EXT 2021"]
[Source "ChessBase"]
[SourceDate "2020.10.23"]
[SourceVersion "1"]
[SourceVersionDate "2020.10.23"]
[SourceQuality "1"]
[WhiteTeam "Szentlorinc"]
[BlackTeam "Pecs Karmin"]
[WhiteTeamCountry "HUN"]
[BlackTeamCountry "HUN"]

1. e4 c5 2. Nc3 d6 3. g3 Nc6 4. Bg2 g6 5. Nge2 Bg7 6. 0-0 Nf6 7. d3 0-0 8. h3 Bd7 9. Be3 b6 10. Qd2 Rc8 11. Bh6 Nd4 12. Bxg7 Nxe2+ 13. Nxe2 Kxg7 14. f4 e5 15. Rf2 Ng8 16. Raf1 Qe7 17. Kh2 f6 18. c3 Bc6 19. Ng1 Nh6 20. Re1 Rcd8 21. a3 Nf7 22. Qe3 Rde8 23. Nf3 Qb7 24. c4 Qe7 25. b4 Rd8 26. Rb2 1/2-1/2

[Event "HUN-chT2 Asztalos 1516"]
[Site "Hungary"]
[Date "2016.02.28"]
[Round "8.6"]
[White "Wolosz, Janos"]
[Black "Javor, Sandor"]
[Result "1-0"]
[WhiteElo "2056"]
[BlackElo "2185"]
[PlyCount "93"]
[EventDate "2015.09.13"]
[EventType "team-tourn"]
[EventRounds "11"]
[EventCountry "HUN"]
[SourceTitle "EXT 2017"]
[Source "ChessBase"]
[SourceDate "2016.10.25"]
[SourceVersion "1"]
[SourceVersionDate "2016.10.25"]
[SourceQuality "1"]
[WhiteTeam "Szentlorinc"]
[BlackTeam "Baja Spartacus"]
[WhiteTeamCountry "HUN"]
[BlackTeamCountry "HUN"]

1. e4 d6 2. d4 g6 3. Nc3 Bg7 4. f4 Nd7 5. Nf3 e6 6. Be2 c6 7. 0-0 d5 8. e5 h5 9. Qe1 Nh6 10. Bd3 a6 11. Ng5 Nf5 12. Bxf5 gxf5 13. h4 Qe7 14. Ne2 Nf8 15. Bd2 Ng6 16. Bb4 Qd7 17. Ng3 b6 18. Qd1 f6 19. exf6 Bxf6 20. Nxh5 Bxg5 21. fxg5 Kd8 22. g3 Qc7 23. Nf4 Nxf4 24. Rxf4 Qf7 25. Qe2 Bd7 26. a4 a5 27. Bd6 Kc8 28. Ra3 Kb7 29. Rb3 Be8 30. Bc5 Ra6 31. Qe5 Rh7 32. Bd6 Ra8 33. Rff3 Qd7 34. Bc5 Ra6 35. Rfe3 Qc8 36. Qxe6 Bd7 37. Qg6 f4 38. Qxh7 fxe3 39. Bd6 Qe8 40. Qe7 Qxe7 41. Bxe7 e2 42. Re3 Bg4 43. g6 Ra8 44. g7 Re8 45. Kf2 b5 46. Re5 Kc8 47. h5 1-0

[Event "HUN-chT2 Asztalos 1314"]
[Site "Hungary"]
[Date "2014.03.23"]
[Round "7"]
[White "Wolosz, Janos"]
[Black "Fellegi, Zoltan"]
[Result "1/2-1/2"]
[WhiteElo "2003"]
[BlackElo "2071"]
[PlyCount "85"]
[EventDate "2013.09.08"]
[EventType "team-tourn"]
[EventRounds "9"]
[EventCountry "HUN"]
[SourceTitle "EXT 2016"]
[Source "ChessBase"]
[SourceDate "2015.10.08"]
[SourceVersion "1"]
[SourceVersionDate "2015.10.08"]
[SourceQuality "1"]
[WhiteTeam "Szentlorinc"]
[BlackTeam "Fehervar"]
[WhiteTeamCountry "HUN"]
[BlackTeamCountry "HUN"]

1. e4 e6 2. d4 d5 3. Nc3 Bb4 4. e5 Ne7 5. Bd2 c5 6. Nb5 Bxd2+ 7. Qxd2 0-0 8. Nf3 cxd4 9. Bd3 f6 10. Nbxd4 Nbc6 11. Qe2 f5 12. 0-0 Qb6 13. c3 Ng6 14. g3 h6 15. Rad1 Nxd4 16. Nxd4 Bd7 17. Rfe1 Rac8 18. Rd2 a6 19. Qe3 Qd8 20. Nxf5 exf5 21. e6 Bc6 22. e7 Qxe7 23. Qxe7 Nxe7 24. Rxe7 f4 25. Bc2 fxg3 26. hxg3 Rce8 27. Rde2 Rxe7 28. Rxe7 Re8 29. Rxe8+ Bxe8 30. Kf1 Kf7 31. Ke2 Ke6 32. Ke3 Bf7 33. Kd4 Kd6 34. Bf5 b6 35. b4 g5 36. g4 a5 37. f3 h5 38. gxh5 Bxh5 39. bxa5 bxa5 40. Bg4 Bf7 41. a3 Bg6 42. Bc8 Bf7 43. Ba6 1/2-1/2

[Event "HUN-chT2 Asztalos 1011"]
[Site "Hungary"]
[Date "2010.09.26"]
[Round "2.2"]
[White "Wolosz, Janos"]
[Black "Arato, Bela"]
[Result "1/2-1/2"]
[WhiteElo "1954"]
[BlackElo "2122"]
[PlyCount "78"]
[EventDate "2010.09.12"]
[EventType "team-tourn"]
[EventRounds "11"]
[EventCountry "HUN"]
[SourceTitle "EXT 2012"]
[Source "ChessBase"]
[SourceDate "2011.11.24"]
[SourceVersion "1"]
[SourceVersionDate "2011.11.24"]
[SourceQuality "1"]
[WhiteTeam "Pannonpower II"]
[BlackTeam "Mohacs"]
[WhiteTeamCountry "HUN"]
[BlackTeamCountry "HUN"]

1. d4 Nf6 2. c4 c5 3. d5 b5 4. cxb5 a6 5. bxa6 Bxa6 6. Nc3 d6 7. Nf3 g6 8. g3 Bg7 9. e4 Bxf1 10. Kxf1 Nbd7 11. Kg2 0-0 12. h3 Qb6 13. Rb1 Rfb8 14. Qc2 Qb4 15. Be3 Nb6 16. a3 Qa5 17. b4 Qxa3 18. Rb3 Qa6 19. bxc5 Nc4 20. Bf4 Rxb3 21. Qxb3 dxc5 22. Ne5 Nxe5 23. Bxe5 Nd7 24. Bxg7 Kxg7 25. Qb5 Qa7 26. Rb1 Rb8 27. Qe2 Rxb1 28. Nxb1 Qb6 29. Na3 Qb4 30. Nc4 Nb6 31. Qb2+ Qxb2 32. Nxb2 c4 33. Kf3 c3 34. Nd3 Nc4 35. Ke2 f5 36. e5 c2 37. f4 Kf7 38. Nc1 Nb6 39. Kd3 Nxd5 1/2-1/2

[Event "HUN-chT2 Asztalos 0708"]
[Site "Hungary"]
[Date "2007.11.25"]
[Round "3"]
[White "Halpert, Sandor"]
[Black "Wolosz, Janos"]
[Result "1-0"]
[WhiteElo "2125"]
[BlackElo "1959"]
[PlyCount "115"]
[EventDate "2007.10.14"]
[EventType "team"]
[EventRounds "11"]
[EventCountry "HUN"]
[SourceTitle "EXT 2009"]
[Source "ChessBase"]
[SourceDate "2008.11.26"]
[SourceVersion "1"]
[SourceVersionDate "2008.11.26"]
[SourceQuality "1"]
[WhiteTeam "Dombovar"]
[BlackTeam "Pannonpower II"]
[WhiteTeamCountry "HUN"]
[BlackTeamCountry "HUN"]

1. d4 Nf6 2. d5 g6 3. Nc3 Bg7 4. e4 d6 5. f4 e6 6. Bb5+ c6 7. dxc6 Nxc6 8. e5 dxe5 9. Qxd8+ Kxd8 10. Bxc6 bxc6 11. fxe5 Ng4 12. Bg5+ Kc7 13. Nf3 h6 14. Bh4 Ne3 15. Kf2 Ng4+ 16. Kg1 Ne3 17. Re1 Nxc2 18. Rc1 Ne3 19. Nb5+ Kd7 20. Nd6 Rf8 21. Ne4 Nf5 22. Bf2 h5 23. h3 Bb7 24. Bc5 Rfd8 25. g4 Nh6 26. Nd6 Kc7 27. g5 Nf5 28. Kf2 Rd7 29. Nxf5 exf5 30. Rhe1 Bf8 31. Bxf8 Rxf8 32. e6 fxe6 33. Rxe6 Rd6 34. Re7+ Rd7 35. Re6 Rd6 36. Rce1 Rfd8 37. Rf6 c5 38. Re7+ R8d7 39. Rxd6 Rxe7 40. Rxg6 Bxf3 41. Kxf3 Re1 42. Rh6 Rf1+ 43. Kg2 Rb1 44. b3 Rb2+ 45. Kf3 Rxa2 46. g6 Ra1 47. Kf4 Rf1+ 48. Ke5 f4 49. Rxh5 f3 50. Kf6 f2 51. Rxc5+ Kd6 52. Rf5 Rh1 53. Rxf2 Rxh3 54. g7 Rg3 55. Kf7 Kc5 56. g8Q Rxg8 57. Kxg8 Kb4 58. Rf3 1-0

[Event "HUN-chT2 Asztalos 0607"]
[Site "Hungary"]
[Date "2007.03.25"]
[Round "7"]
[White "Molnar, Szabolcs"]
[Black "Wolosz, Janos"]
[Result "1/2-1/2"]
[WhiteElo "1935"]
[BlackElo "1853"]
[PlyCount "64"]
[EventDate "2006.11.12"]
[EventType "team"]
[EventRounds "11"]
[EventCountry "HUN"]
[SourceTitle "EXT 2008"]
[Source "ChessBase"]
[SourceDate "2007.11.25"]
[SourceVersion "1"]
[SourceVersionDate "2007.11.25"]
[SourceQuality "1"]
[WhiteTeam "Dombovar"]
[BlackTeam "Pannonpower II"]
[WhiteTeamCountry "HUN"]
[BlackTeamCountry "HUN"]

1. e4 e6 2. d4 d5 3. Nc3 Bb4 4. e5 c5 5. Bd2 Nh6 6. Nb5 Bxd2+ 7. Qxd2 cxd4 8. Nd6+ Kf8 9. Bd3 Nc6 10. f4 f6 11. Qe2 Nf7 12. Nxf7 Kxf7 13. Nf3 Qa5+ 14. Nd2 g6 15. 0-0 Bd7 16. exf6 Kxf6 17. Nf3 Qc7 18. Qf2 Qxf4 19. Rae1 Kg7 20. g3 Qf6 21. Qd2 Qe7 22. Bb5 Rhf8 23. Bxc6 Bxc6 24. Qxd4+ Kg8 25. Qe5 Rae8 26. Qd4 a6 27. Ne5 Rxf1+ 28. Rxf1 Rf8 29. Rxf8+ Qxf8 30. Ng4 Qg7 31. Qf4 Qf8 32. Qd4 Qg7 1/2-1/2

[Event "HUN-chT2 Asztalos 0607"]
[Site "Hungary"]
[Date "2006.12.03"]
[Round "3"]
[White "Wolosz, Janos"]
[Black "Hovorka, Tamas"]
[Result "1-0"]
[WhiteElo "1853"]
[BlackElo "2082"]
[PlyCount "65"]
[EventDate "2006.11.12"]
[EventType "team"]
[EventRounds "11"]
[EventCountry "HUN"]
[SourceTitle "EXT 2008"]
[Source "ChessBase"]
[SourceDate "2007.11.25"]
[SourceVersion "1"]
[SourceVersionDate "2007.11.25"]
[SourceQuality "1"]
[WhiteTeam "Pannonpower II"]
[BlackTeam "Szekszard"]
[WhiteTeamCountry "HUN"]
[BlackTeamCountry "HUN"]

1. e4 d6 2. d4 g6 3. f4 Bg7 4. Nf3 Bg4 5. Be3 c5 6. c3 Bxf3 7. Qxf3 cxd4 8. cxd4 Qa5+ 9. Nc3 Qb4 10. Qf2 Nf6 11. Qd2 0-0 12. Be2 Nc6 13. 0-0 Na5 14. e5 dxe5 15. fxe5 Nd7 16. Nd5 Qxd2 17. Nxe7+ Kh8 18. Bxd2 Nc6 19. Nxc6 bxc6 20. Rac1 Rab8 21. b4 Rbd8 22. Be3 Nb8 23. Bc4 f6 24. e6 Rfe8 25. Bb3 h6 26. Rfd1 Na6 27. a3 Nc7 28. Rxc6 Nd5 29. Bxd5 Rxd5 30. Rdc1 Kh7 31. R1c5 Rdd8 32. d5 Bf8 33. Ra5 1-0